000 01353cam a22003857a 4500
003 CHAP
005 20220329133506.0
008 971013s1992 r 00010 d
010 _a7010
011 _a7982
035 _a7207
040 _cCHAP
090 _aFolleto 11066
100 0 0 _aHibon, Alberich.
_955142
245 1 3 _aLa producción de maíz de temporal en México
_b: tendencias, restricciones y retos tecnológicos e institucionales para los investigadores
260 _aMéxico, D.F. :
_bCentro Internacional de Mejoramiento de Maíz y Trigo,
_c1992
300 _a46 p.
_b; gráfs.
410 _aCIMMYT
490 0 _aDocumento de trabajo
_v; 92-03
590 _aBATCH-UPD
_b10
_c20130109
_lUCH01
_h2316
590 _aBATCH-UPD
_b10
_c20130110
_lUCH01
_h1031
590 _aBATCH-UPD
_b10
_c20130410
_lUCH01
_h0634
590 _aBATCH-UPD
_b10
_c20130913
_lUCH01
_h2141
590 _aCONVERSION
_b10
_c20130109
_lUCH01
_h1305
650 1 4 _aAgricultura de temporal.
_91999
650 1 4 _aMaíz
_xInvestigación.
_970984
650 1 4 _aMaíz
_xRendimiento.
_971051
650 1 4 _aMaíz
_zMéxico.
_971098
810 _aCIMMYT
_923309
830 0 _aDocumento de trabajo
_v; 92-03
_933227
901 _aBK
942 _cFOLL
949 _aFolleto 11066
_bBC
_cFOLL
_d-17028
_eTS1
_i7207
_mD
_si
949 _aFolleto 11066
_bBC
_cFOLL
_d72072
_eTS2
_fc.2
_i7207
_si
999 _c7010
_d7010